| 000 | 00848nam a2200325Ia 4500 | ||
|---|---|---|---|
| 003 | EC-GqESP | ||
| 005 | 20251106101753.0 | ||
| 008 | 250425s9999 xx 000 0 und d | ||
| 010 | _a100719 | ||
| 020 | _a9781886529199 | ||
| 041 | _aeng | ||
| 043 | _axxu | ||
| 082 |
_a519.7 _pBER |
||
| 100 | _aBERTSIMAS, DIMITRIS | ||
| 245 | 0 | _aINTRODUCTION TO LINEAR OPTIMIZATION | |
| 250 | _aS.E. | ||
| 260 | _aBELMONT | ||
| 260 |
_aEstados Unidos _bATHENA SCIENTIFIC _c1997 |
||
| 300 | _a587 | ||
| 650 | _aOPTIMIZACION MATEMATICA | ||
| 650 | _aOPTIMIZACION MATEMATICA | ||
| 650 | _aOPTIMIZACION MATEMATICA | ||
| 650 | _aOPTIMIZACION MATEMATICA | ||
| 650 | _aPROGRAMACION LINEAL | ||
| 650 | _aPROGRAMACION LINEAL | ||
| 650 | _aPROGRAMACION LINEAL | ||
| 650 | _aPROGRAMACION LINEAL | ||
| 700 | _aTSITSIKLIS, JOHN N. | ||
| 942 | _c01 | ||
| 999 |
_c234829 _d234829 |
||